Impact of Bio-Diesel Blend on Diesel Engine Using Variable Load (Record no. 58334)

MARC details
000 -LEADER
fixed length control field 00284nam a22001097a 4500
100 ## - MAIN ENTRY--AUTHOR NAME
Personal name Zia Arham
100 ## - MAIN ENTRY--AUTHOR NAME
Personal name 10ME97
245 ## - TITLE STATEMENT
Title Impact of Bio-Diesel Blend on Diesel Engine Using Variable Load
300 ## - PHYSICAL DESCRIPTION
Number of Pages 92p.
700 ## - ADDED ENTRY--PERSONAL NAME
Personal name Department of Mechanical Engineering
942 ## - ADDED ENTRY ELEMENTS (KOHA)
Koha item type Thesis and Dissertation
Holdings
Withdrawn status Lost status Home library Current library Date acquired Accession Number Koha item type
    Central Library, QUEST, Nawabshah Research Section 19/04/2018 MEP/24-311 Thesis and Dissertation